Drugs, druggebruik, opvattingen: enige voorlopige notities ter informatie : literatuur-compilatie

Saved in:  
Bibliographic Details
Main Author: Nollen, E. Th. (Author)
Format: Print Book
Language:Dutch
Published: [Delft?] [Verlag nicht ermittelbar] 1970
In:Year: 1970
Check availability: HBZ Gateway
Subito Delivery Service: Order now.

MARC

LEADER 00000cam a2200000 c 4500
001 1912227487
003 DE-627
005 20250721103623.0
007 tu
008 241213s1970 xx ||||| 00| ||dut c
035 |a (DE-627)1912227487 
035 |a (DE-599)KXP1912227487 
040 |a DE-627  |b ger  |c DE-627  |e rda 
041 |a dut 
100 1 |a Nollen, E. Th.  |e VerfasserIn  |4 aut 
245 1 0 |a Drugs, druggebruik, opvattingen  |b enige voorlopige notities ter informatie : literatuur-compilatie  |c Drs. E. Th. Nollen 
264 1 |a [Delft?]  |b [Verlag nicht ermittelbar]  |c 1970 
300 |a 34 Seiten 
336 |a Text  |b txt  |2 rdacontent 
337 |a ohne Hilfsmittel zu benutzen  |b n  |2 rdamedia 
338 |a Band  |b nc  |2 rdacarrier 
583 1 |a Archivierung prüfen  |c 20250503  |f DE-640  |z 1  |2 pdager 
935 |a mkri 
951 |a BO 
ELC |b 1 
LOK |0 000 xxxxxcx a22 zn 4500 
LOK |0 001 4635300420 
LOK |0 003 DE-627 
LOK |0 004 1912227487 
LOK |0 005 20241213112537 
LOK |0 008 241213||||||||||||||||ger||||||| 
LOK |0 040   |a DE-Frei85  |c DE-627  |d DE-Frei85 
LOK |0 852   |a DE-Frei85 
LOK |0 852 1  |m p  |9 00 
LOK |0 935   |a reko 
LOK |0 938   |k p 
LOK |0 939   |a 13-12-24  |b l01 
ORI |a SA-MARC-krimdoka001.raw